Economics of Maritime Business / (Record no. 27222)

000 -LEADER
fixed length control field 02589cam a2200385 i 4500
006 - FIXED-LENGTH DATA ELEMENTS--ADDITIONAL MATERIAL CHARACTERISTICS--GENERAL INFORMATION
fixed length control field a|||||r|||| 00| 0
007 - PHYSICAL DESCRIPTION FIXED FIELD--GENERAL INFORMATION
fixed length control field ca aa aaaaa
008 - FIXED-LENGTH DATA ELEMENTS--GENERAL INFORMATION
fixed length control field 200429t20212021nyua ob 001 0 eng
020 ## - INTERNATIONAL STANDARD BOOK NUMBER
International Standard Book Number 9781315658124
Qualifying information (R) trade
International Standard Book Number 1315658127
Qualifying information (R) pbk
International Standard Book Number 9781317330110
Qualifying information (R) pbk
International Standard Book Number 1317330110
Qualifying information (R) pbk
International Standard Book Number 9781317330097
Qualifying information (R) pbk
International Standard Book Number 1317330099
Qualifying information (R) pbk
International Standard Book Number 9781317330103
Qualifying information (R) pbk
International Standard Book Number 1317330102
Qualifying information (R) pbk
040 ## - CATALOGING SOURCE
Original cataloging agency OCoLC-P
Language of cataloging eng
Description conventions rda
072 #7 - SUBJECT CATEGORY CODE
Subject category code BUS
Subject category code subdivision 000000
Source bisacsh
Subject category code KCD
Source bicssc
082 00 - DEWEY DECIMAL CLASSIFICATION NUMBER
Classification number 387.5/1
Edition number 23
100 1# - MAIN ENTRY--PERSONAL NAME
Personal name Ma, Shuo,
Dates associated with a name 1955-
245 10 - TITLE STATEMENT
Title Economics of Maritime Business /
250 ## - EDITION STATEMENT
Edition statement First Edition.
260 ## - PUBLICATION, DISTRIBUTION, ETC. (IMPRINT)
Place of publication, distribution, etc London
Name of publisher, distributor, etc Taylor & Francis Group
Date of publication, distribution, etc 2020
300 ## - PHYSICAL DESCRIPTION
Extent 1 online resource (xx, 449 pages) :
Other physical details illustrations (chiefly color).
490 1# - SERIES STATEMENT
Series statement Routledge maritime masters ;
Volume number/sequential designation 7
520 ## - SUMMARY, ETC.
Summary, etc "This book provides a comprehensive introduction to the economics of the business of maritime transport. It provides an economic explanation of four aspects of maritime transport, namely, the demand, the supply, the market and the strategy The book first explains why seaborne trade happens and what its development trends are; it then analyses the main features of shipping supply and how various shipping markets function; the book finally addresses the critical strategic issues of the shipping business. The full range of different types of shipping are covered throughout the chapters and cases. The book combines the basic principles of maritime transport with the modern shipping business and the latest technological developments, particularly in the area of digital disruption. The ideas and explanations are supported and evidenced by practical examples and more than 160 tables and figures. The questions posed by the book are similar to those that would be asked by the students in their learning process or the professionals in the business environment, with the answers concentrating on the reasons for what has happened and will happen in the future rather than merely fact-telling or any specific forecast. The book is most suited for students of shipping-related disciplines, and is also a valuable reference for maritime professionals"--
650 #0 - SUBJECT ADDED ENTRY--TOPICAL TERM
Topical term or geographic name as entry element Shipping.
Topical term or geographic name as entry element Merchant marine
General subdivision Management.
Topical term or geographic name as entry element Management
General subdivision Technological innovations.
Topical term or geographic name as entry element BUSINESS & ECONOMICS / General
Source of heading or term bisacsh
856 40 - ELECTRONIC LOCATION AND ACCESS
Uniform Resource Identifier <a href="https://www.taylorfrancis.com/books/9781315658124">https://www.taylorfrancis.com/books/9781315658124</a>
Uniform Resource Identifier <a href="http://www.oclc.org/content/dam/oclc/forms/terms/vbrl-201703.pdf">http://www.oclc.org/content/dam/oclc/forms/terms/vbrl-201703.pdf</a>
942 ## - ADDED ENTRY ELEMENTS (KOHA)
Item type E-Book

No items available.

Designed and Maintained by IMU-KC Library, Kolkata Campus © Copyright All Rights Reserved

webs counters

Powered by Koha